LIBRARY & INFORMATION CENTRE, KCAET, TAVANUR

ONLINE PUBLIC ACCESS CATALOGUE (OPAC)

Heard Melodies / (Record no. 3827)

MARC details
000 -LEADER
fixed length control field 00432cam a2200181ua 4500
041 ## - LANGUAGE CODE
Language code of text/sound track or separate title eng
082 ## - DEWEY DECIMAL CLASSIFICATION NUMBER
Classification number 821
Item number MAR/HE
100 ## - MAIN ENTRY--AUTHOR NAME
Personal name Marar, T R K .
245 ## - TITLE STATEMENT
Title Heard Melodies /
260 ## - PUBLICATION, DISTRIBUTION, ETC. (IMPRINT)
Place of publication Madras :
Name of publisher MacMillan and Company Limited ,
Year of publication 1970.
300 ## - PHYSICAL DESCRIPTION
Number of Pages 103 ; .
942 ## - ADDED ENTRY ELEMENTS (KOHA)
Koha item type Books
Holdings
Withdrawn status Lost status Damaged status Home library Current library Date acquired Full call number Accession Number Koha item type
      KAUAET KAUAET 07/04/2012 821 12470 Books
      KAUAET KAUAET 13/11/2023 821 MAR/HE 12914 Books
Withdrawn     KAUAET Sanskrit University 07/04/2012 821 12471 Books
free website counter